| 000 | 00788nam a2200241Ia 4500 | ||
|---|---|---|---|
| 003 | GCL | ||
| 008 | 140319s9999 xx 000 0 ara d | ||
| 040 |
_aGCL / _cGCL |
||
| 082 | 0 | 4 |
_aق _b069.0962 _bهـ م |
| 100 | 1 | _aهيئة الاثار المصرية | |
| 245 | 1 | 0 |
_aموجز فى وصف الاثار الهامة بالمتحف المصرى بالقاهرة / _cهيئة الاثار المصرية |
| 260 |
_a[S.N] : _bالهيئة المصرية العامة للكتاب ، _c1983 |
||
| 300 | _a370 ص | ||
| 490 | _a | ||
| 650 | 0 | 4 | _aمصر |
| 650 | 0 | 4 | _aتاريخ |
| 650 | 0 | 4 | _aالحضارة الفرعونية |
| 650 | 0 | 4 | _aالاثار الفرعونية |
| 650 | 0 | 4 | _aالمتحف المصرى |
| 650 | 0 | 4 | _aالاثار |
| 650 | 0 | 4 | _aوصف |
| 942 |
_2ddc _cBK |
||
| 999 |
_c58955 _d58955 |
||